| Tag |
First Indicator |
Second Indicator |
Subfields |
| LEADER |
00000pam a2200000 i 4500 |
| 001 |
in00000665207 |
| 005 |
20200328063229.0 |
| 008 |
791219s1980 caua b 10000 eng |
| 010 |
|
|
|a 79027385
|
| 020 |
|
|
|a 0803913788
|
| 020 |
|
|
|a 0803913796 (pbk.)
|
| 035 |
|
|
|a (OCoLC)05893747
|
| 035 |
|
|
|9 ACX6004AM
|
| 040 |
|
|
|a DLC
|c DLC
|d TXA
|d UtOrBLW
|
| 049 |
|
|
|a TXAM
|c [982478]
|
| 050 |
0 |
0 |
|a HC13
|b .P77
|
| 082 |
0 |
|
|a 330.9
|2 19
|
| 245 |
0 |
0 |
|a Processes of the world-system /
|c edited by Terence K. Hopkins and Immanuel Wallerstein.
|
| 264 |
|
1 |
|a Beverly Hills, Calif. :
|b Sage Publications,
|c [1980]
|
| 264 |
|
4 |
|c ©1980
|
| 300 |
|
|
|a 320 pages :
|b graphs ;
|c 22 cm.
|
| 336 |
|
|
|a text
|b txt
|2 rdacontent
|
| 337 |
|
|
|a unmediated
|b n
|2 rdamedia
|
| 338 |
|
|
|a volume
|b nc
|2 rdacarrier
|
| 490 |
1 |
|
|a Political economy of the world-system annuals ;
|v v. 3
|
| 500 |
|
|
|a Papers presented at the third annual PEWS conference, held at the University of New York at Binghampton, May 1979.
|
| 504 |
|
|
|a Includes bibliographies.
|
| 650 |
|
0 |
|a Economic history
|v Congresses.
|
| 650 |
|
0 |
|a Capitalism
|v Congresses.
|
| 650 |
|
0 |
|a Business cycles
|v Congresses.
|
| 650 |
|
0 |
|a Social classes
|v Congresses.
|
| 700 |
1 |
|
|a Hopkins, Terence K.
|
| 700 |
1 |
|
|a Wallerstein, Immanuel Maurice,
|d 1930-2019.
|
| 710 |
2 |
|
|a American Sociological Association.
|b Section on Political Economy of the World System.
|
| 830 |
|
0 |
|a Political economy of the world-system annuals ;
|v v. 3.
|
| 999 |
|
|
|a MARS
|
| 999 |
f |
f |
|s 7dd0da7a-f537-30ea-b291-ee55af943e13
|i e2fafd7b-d925-30c2-9336-fe0833bc5677
|t 0
|
| 952 |
f |
f |
|p ric
|a Texas A&M University
|b Rellis Campus
|c Joint Library Facility
|d Remote Storage
|t 0
|e HC13 .P77
|h Library of Congress classification
|i unmediated -- volume
|m A14802557270
|
| 998 |
f |
f |
|a HC13 .P77
|t 0
|l Remote Storage
|